Introduction to positive economics (Record no. 5640)

000 -LEADER
fixed length control field 00453nam a22001817a 4500
001 - CONTROL NUMBER
control field 5640
003 - CONTROL NUMBER IDENTIFIER
control field BD-DhUET
008 - FIXED-LENGTH DATA ELEMENTS--GENERAL INFORMATION
fixed length control field 141127b xxu||||| |||| 00| 0 eng d
040 ## - CATALOGING SOURCE
Transcribing agency 0
Modifying agency BD-DhUET
082 ## - DEWEY DECIMAL CLASSIFICATION NUMBER
Classification number 330
Item number LIP/1971
100 ## - MAIN ENTRY--PERSONAL NAME
Personal name Lipsey, Richard G.
245 ## - TITLE STATEMENT
Title Introduction to positive economics
250 ## - EDITION STATEMENT
Edition statement 3rd ed.
260 ## - PUBLICATION, DISTRIBUTION, ETC. (IMPRINT)
Name of publisher, distributor, etc. English Language Book
Place of publication, distribution, etc. Hampshire
Date of publication, distribution, etc. 1971
300 ## - PHYSICAL DESCRIPTION
Extent xx, 740 p.
Other physical details ill.
Dimensions 26 cm.
650 #0 - SUBJECT ADDED ENTRY--TOPICAL TERM
Topical term or geographic name as entry element Economics
942 ## - ADDED ENTRY ELEMENTS (KOHA)
Koha item type General Book
Holdings
Location (home branch) Koha full call number Copy number Piece designation (barcode) Not for loan Koha date last seen Sublocation or collection (holding branch) Shelving location Damaged status Lost status Withdrawn status Koha normalized classification for sorting Source of classification or shelving scheme Price effective from Date acquired Koha item type Koha collection
Central Library, BUET330/LIP/1971123693 2014-11-27Central Library, BUETCirculation section   330LIP1971 2014-11-272014-11-27General Book 
Central Library, BUET330/LIP/1971223702 2014-11-27Central Library, BUETCirculation section   330LIP1971 2014-11-272014-11-27General Book 
Central Library, BUET330/LIP/1971323689 2015-01-27Central Library, BUETCirculation section   330_000000000000000_LIP_1971 2015-01-272015-01-27General Book 
Central Library, BUET330/LIP/1971423684 2015-01-27Central Library, BUETCirculation section   330_000000000000000_LIP_1971 2015-01-272015-01-27General Book 
Central Library, BUET330/LIP/1971523710 2015-01-27Central Library, BUETCirculation section   330_000000000000000_LIP_1971 2015-01-272015-01-27General Book 
Central Library, BUET330/LIP/1971623713 2015-01-27Central Library, BUETCirculation section   330_000000000000000_LIP_1971 2015-01-272015-01-27General Book 
Central Library, BUET330/LIP/1971723690 2015-01-27Central Library, BUETCataloging section   330_000000000000000_LIP_1971 2015-01-272015-01-27General Book 
Central Library, BUET330/LIP/1971823698 2015-01-27Central Library, BUETCirculation section   330_000000000000000_LIP_1971 2015-01-272015-01-27General Book 
Central Library, BUET330/LIP/1971923685 2015-01-27Central Library, BUETCirculation section   330_000000000000000_LIP_1971 2015-01-272015-01-27General Book 
Central Library, BUET330/LIP/19711023712 2015-01-27Central Library, BUETCirculation section   330_000000000000000_LIP_1971 2015-01-272015-01-27General Book 
Central Library, BUET330/LIP/1971423677 2015-01-28Central Library, BUETCirculation section   330_000000000000000_LIP_1971 2015-01-282015-01-28General BookNon Fiction
Central Library, BUET330/LIP/19713023706 2015-01-28Central Library, BUETCirculation section   330_000000000000000_LIP_1971 2015-01-282015-01-28General BookNon Fiction
Central Library, BUET330/LIP/19712923705 2015-01-28Central Library, BUETCirculation section   330_000000000000000_LIP_1971 2015-01-282015-01-28General BookNon Fiction
Central Library, BUET330/LIP/19711623680 2015-01-28Central Library, BUETCirculation section   330_000000000000000_LIP_1971 2015-01-282015-01-28General BookNon Fiction
Central Library, BUET330/LIP/19711523691 2015-04-20Central Library, BUETCirculation section   330_000000000000000_LIP_1971 2015-04-202015-04-20General Book